<?xml version="1.0" encoding="UTF-8"?>
<collection xmlns="http://www.loc.gov/MARC21/slim">
 <record>
  <leader>00360pamaa2200133   4500</leader>
  <controlfield tag="001">0000021961</controlfield>
  <controlfield tag="005">20070116090000.0</controlfield>
  <datafield tag="020" ind1="0" ind2="0">
   <subfield code="a">1874778108 </subfield>
  </datafield>
  <datafield tag="090" ind1="0" ind2="0">
   <subfield code="a">PR6063.U77 </subfield>
   <subfield code="b">MUR 1993</subfield>
  </datafield>
  <datafield tag="100" ind1="1" ind2="0">
   <subfield code="a">MURRAY </subfield>
  </datafield>
  <datafield tag="245" ind1="1" ind2="0">
   <subfield code="a">Radio activity, cumbrian tale in five emissions  </subfield>
   <subfield code="c">by John Murray.</subfield>
  </datafield>
  <datafield tag="260" ind1="0" ind2="0">
   <subfield code="a">Lincoln: </subfield>
   <subfield code="b">Sunk Island Pub., </subfield>
   <subfield code="c">1993.</subfield>
  </datafield>
  <datafield tag="300" ind1=" " ind2=" ">
   <subfield code="a">191p.; </subfield>
   <subfield code="c">20cm.</subfield>
  </datafield>
  <datafield tag="650" ind1="0" ind2="0">
   <subfield code="a">Fiction </subfield>
  </datafield>
 </record>
</collection>
